000 00692nam a22002417a 4500
003 OSt
005 20250813085554.0
006 a
008 240718b |||||||| |||| 00| 0 eng d
020 _a9780323757027
040 _aDWCL-Main Lib.
_cOC
082 _aCirc. 610.730 A436n 2022
100 _aAlligood, Martha Raile
245 _aNursing theorists and their work/
_cMartha Raile Alligood
250 _aTenth edition
260 _aSingapore:
_bElsevier,
_cc2022.
300 _axiv, 604 pages:
_billustrations;
_c23cm.
504 _aIncludes index.
650 _a1. Nursing Philosophy.
650 _a2. Nursing Models.
650 _a 3. Nurses.
942 _2ddc
_cBK-CIRC
_kCirc.
_n0
999 _c2393
_d2393